TV Show Back to the Camera Quiz Stats

 Plays Quiz Updated May 2, 2018

Challenge
Share
Tweet
Score 0/18 Timer 06:00
1 Play Today
% Correct
The Big Bang Theory
98.4%
SpongeBob SquarePants
97%
Star Trek
94.9%
Sesame Street
92.5%
Game of Thrones
92.1%
The Office (US)
90.9%
The Walking Dead
87.9%
Breaking Bad
85.5%
Full House
82.7%
% Correct
Gilmore Girls
60.3%
Stranger Things
59.9%
Lost
58.8%
How I Met Your Mother
57.5%
The Wonder Years
55.9%
Riverdale
49.3%
A Series of Unfortunate Events
46.1%
House of Cards (US)
38.9%
Avatar: The Last Airbender
37.7%

You're not logged in!

Compare scores with friends on all Sporcle quizzes.
OR
Log In

You Might Also Like...

Show Comments

Extras

Top Quizzes Today


Score Distribution

Your Account Isn't Verified!

In order to create a playlist on Sporcle, you need to verify the email address you used during registration. Go to your Sporcle Settings to finish the process.

Report this User

Report this user for behavior that violates our Community Guidelines.

Details: